| 000 | 00736nam 22002053 4500 | ||
|---|---|---|---|
| 001 | 202818 | ||
| 010 | _a978-972-31-1397-6 | ||
| 021 |
_aPT _b31835/12 |
||
| 090 | _a202818 | ||
| 100 | _a20260701d u||y0pory50 ba | ||
| 200 |
_aTerras de Sofala : persistências e mudança : contribuições para a história da Costa Sul-Oriental de África nos séculos XVI-XVIII _fAna Cristina Roque |
||
| 210 |
_a[Lisboa] _cFundação Calouste Gulbenkian _d2012 |
||
| 215 |
_a948 p. _cil. ; brochado _d23 cm |
||
| 225 | _aTextos universitários de ciências sociais e humanas | ||
| 606 |
_92619 _aHistória de África |
||
| 675 |
_a94 (6) _vPT _zpor |
||
| 700 |
_917673 _aRoque _bAna Cristina _f1956- |
||
| 801 |
_aPT _bBMMN _gRPC |
||
| 830 | _cVanda | ||
| 990 | _cLIVROS | ||